000 00526nam a22001697a 4500
008 150520b xxu||||| |||| 00| 0 eng d
020 _a0763718432
080 _a16
100 _aHein, James L.
245 0 0 _aDiscrete structures, logic, and computability /
260 _aBoston :
_bJones and Bartlett Publishers,
_c2001.
300 _a943 f. :
_bme il. ;
_c24 cm.
505 _aIndex: 929-943
650 0 _aStrukturat diskrete, logjika, dhe kompjuetshmeria
650 0 _ashkenca kompjuterike
942 _2ddc
_cBK
999 _c857
_d857